书目信息 |
| 题名: |
QBASIC语言教程
|
|
| 作者: | 谭浩强 著 | |
| 分册: | ||
| 出版信息: | 北京 电子工业出版社 2002.01 |
|
| 页数: | 312页 | |
| 开本: | 26cm | |
| 丛书名: | ||
| 单 册: | ||
| 中图分类: | TP312-43 | |
| 科图分类: | ||
| 主题词: | 软件 | |
| 电子资源: | ||
| ISBN: | 7-5053-7005-7 | |
| 000 | 00544nam0 2200193 45 | |
| 001 | 0455744717 | |
| 005 | 2004091515290471 | |
| 010 | @a7-5053-7005-7@d25.00CNY | |
| 100 | @a20040915d2002 km y0chiy0120 ea | |
| 101 | 0 | @achi |
| 102 | @aCN@b110000 | |
| 200 | 1 | @aQBASIC语言教程@AQBASIC Yu Yan Jiao Cheng@f谭浩强著@FTan Hao Qiang Zhu |
| 210 | @a北京@c电子工业出版社@d2002.01 | |
| 215 | @a312页@d26cm | |
| 606 | 0 | @a软件 |
| 690 | @aTP312-43@v3 | |
| 701 | 0 | @a谭浩强@ATan Hao Qiang@4著 |
| 801 | 0 | @aCN@bPFT@c20040915 |
| 905 | @a安徽大学@dTP312-43@eT105 | |
| QBASIC语言教程/谭浩强著.-北京:电子工业出版社,2002.01 |
| 312页;26cm |
| ISBN 7-5053-7005-7:25.00CNY |
| ● |
| 相关链接 |
|
|
|
正题名:QBASIC语言教程
索取号:TP312-43/T105
 
预约/预借
| 序号 | 登录号 | 条形码 | 馆藏地/架位号 | 状态 | 备注 |
| 1 | 393809 | 203938098 | 自科库301/301自科库 83排2列4层/ [索取号:TP312-43/T105] | 在馆 | |
| 2 | 393810 | 203938105 | 自科库301/301自科库 83排2列4层/ [索取号:TP312-43/T105] | 在馆 | |
| 3 | 393811 | 203938114 | 自科库301/404自科库 9排4列4层/ [索取号:TP312-43/T105] | 在馆 |